000 00334nam a2200145Ia 4500
008 221030s9999 xx 000 0 und d
041 _aEnglish
082 _a105.23
_bVij
100 _aU. S. Vijaywargiya
245 0 _aApplied Mechanics
260 _bG. K. Pub
_aNew Delhi
_c0
300 _a8.18
650 _aMechanical
942 _cBK
999 _c2278
_d2278